000 00417pab a2200157 454500
008 180718b2017 xxu||||| |||| 00| 0 eng d
100 _aKaptan, Sanjay
245 _aDeveloping skill based economy: towards making India a superpower
260 _c2017
300 _ap.5-9.
362 _a03 Apr
650 _aSkills development
700 _aKore, Anand Suryabhan
773 _aUniversity News
909 _a114416
999 _c114410
_d114410